000 00255nam a22001217a 4500
082 _a474
_bVYA/S
100 _aVYAS,RAHUL
245 _aSUGAM HINDI VYAKARAN
260 _aDELHI
_bSUNRISE PUBLISHER
300 _a144
650 _aGRAMMAR
_zDELHI
942 _cBK
999 _c4224
_d4224